| 000 | 00519nam a22001577a 4500 | ||
|---|---|---|---|
| 003 | macl | ||
| 005 | 20170118151557.0 | ||
| 008 | 170118b xxu||||| |||| 00| 0 eng d | ||
| 040 | _cmacl | ||
| 082 | _a920/PRA | ||
| 100 |
_aप्रसाद राय प्रभाकर _966586 |
||
| 245 | _aराजकुमार शुक्ल | ||
| 260 |
_aदिल्ली _bनेश्ानल बुक ट्रस्ट इंडिया _c2012 |
||
| 650 |
_aजीवनी _97943 |
||
| 942 |
_2ddc _cHIN |
||
| 999 |
_c55952 _d55952 |
||